| 000 | 00368nam a22001337a 4500 | ||
|---|---|---|---|
| 005 | 20200710112845.0 | ||
| 008 | 200710b xxu||||| |||| 00| 0 eng d | ||
| 082 | _a345.4005 DEB-I | ||
| 100 |
_aDEB, ASHOK KUMAR _96282 |
||
| 245 | _aINDIAN BAR REVIEW Vol. XXXV (1TO 4) 2008 | ||
| 260 |
_aNEW DELHI _bBAR COUNCIL OF INDIA TRUST _c2008 |
||
| 650 |
_aLAW _95701 |
||
| 942 | _cJRL | ||
| 999 |
_c7398 _d7396 |
||